| 000 | 00433nam a2200169Ia 4500 | ||
|---|---|---|---|
| 003 | IN-BaIIA | ||
| 005 | 20230707105613.0 | ||
| 008 | 211028s9999 xx 000 0 eng d | ||
| 040 | _cIIA LIB | ||
| 080 |
_a533 _bDEL |
||
| 100 |
_aDelcroix, J. L _96689 |
||
| 245 | 0 |
_aPlasma physics _bvol. 1 _cJ. L. Delcroix |
|
| 260 |
_aLondon _bJohn Wiley & Sons _c1965 |
||
| 300 | _axii, 266p. | ||
| 650 |
_aPlasma physics _93732 |
||
| 942 |
_cBK _2ddc |
||
| 999 |
_c3759 _d3759 |
||